000 00851nas a2200277 4500
001 BR9406494
003 BR-BrBNA
005 20231205093756.0
007 ta
008 230509b bl.|||p| |||| 00| 00por d
040 _aBR-BrBNA
_bpor
_cBiblioteca Nacional de Agricultura
041 _a(Pt)
072 _aF63
100 1 _aLorenzon, M.C.A.
100 1 _aRodrigues, A.G.
100 1 _aSouza, J.R.G.C. de
245 1 _aComportamento polinizador de Trigona spinipes (Hymenoptera: Apidae)na florada da cebola (Allium cepa L.)hibrida
650 _aCebola
650 _aFloracao
650 _aIrapua
650 _aPolinizacao
650 _aMinas Gerais
773 0 _tPesquisa Agropecuaria Brasileira (Brazil)
_xISSN 0100-204X
_g(Feb 1993), v. 28(2) p. 217-221
_wBR9406494
909 _a202311
_bLúcia
_c55
_dLúcia Elande
942 _2AGRIS
_n0
_cANA
999 _c140343
_d140343